000
00305nam a22001217a 4500
008
181220b xxu||||| |||| 00| 0 eng d
041
_a
eng
080
_a
371
100
_a
46
101
_a
EDU
245
_a
Language Acquisition Program for the Retarded or Multiply Impaired
_c
Kent,L.R
942
_2
udc
_c
BK
999
_c
53543
_d
53543